000 00657nam a2200205Ia 4500
008 170504s9999 xx 000 0 und d
050 _aRJ 506
050 _b.T161 2016
100 _aTan, Angelica Rose L.
245 2 _aA case study on the effects of lip reading as a technique in improving the communication skills of students with hearing impairment /
245 _cAngelica Rose L. Tan.
260 _aLas PiƱas, Philippines :
260 _bSISC,
260 _c2016.
300 _a70 pages :
300 _billustrations ;
300 _c28 cm.
500 _aIncludes bibliographical references and appendices.
521 _aSpecial Education
999 _c329800
_d329800